000
00321nam a2200109Ia 4500
008
171204s9999 xx 000 0 und d
245
_a
Research Handbook on Electronic Commerce Law:
245
_c
John A. Rothchild
260
_c
2016
650
_x
BUSINESS RESEARCH
856
_u
http://down.ebook777.com/032/1783479914.pdf
999
_c
346944
_d
346944